[Event "Titled Tue 27th May Late"]
[Site "chess.com INT"]
[Date "2025.05.27"]
[Round "6"]
[White "Aliyev, Elnur"]
[Black "Burmakin, Vladimir"]
[Result "1/2-1/2"]
[WhiteTitle "CM"]
[BlackTitle "GM"]
[WhiteElo "2155"]
[BlackElo "2435"]
[WhiteFideId "13402617"]
[BlackFideId "4105109"]
[EventDate "2025.05.27"]

1. Nf3 d5 2. b3 c6 3. e3 Bf5 4. Bd3 Bg6 5. Ba3 Nd7 6. O-O Ngf6 7. h3 e5 8. Bxf8
Kxf8 9. Bxg6 hxg6 10. c4 e4 11. Ne1 Ne5 12. d4 exd3 13. Nxd3 Qd6 14. Nxe5 Qxe5
15. Nd2 Rd8 16. Nf3 Qe4 17. cxd5 Rxd5 18. Qe2 Rhh5 19. Rfd1 Rxd1+ 20. Rxd1 Rd5
21. Rxd5 Qxd5 22. Qd2 Qxd2 23. Nxd2 Ke7 24. Kf1 Nd5 25. a3 Nc3 26. f3 Ke6 27.
Kf2 c5 28. h4 b5 29. g4 a5 30. e4 a4 31. bxa4 Nxa4 32. f4 f5 33. exf5+ gxf5 34.
g5 g6 35. Nf3 b4 36. axb4 cxb4 37. Ke3 Nb6 38. Nd4+ Kf7 39. Nb3 Nd5+ 40. Kf3 Ke7
41. Nd4 Kf7 42. Nb3 Kg7 43. Nd4 Nc3 44. Nb3 Nd5 45. Nd4 Nc7 46. Nb3 Ne6 47. Ke3
Kf7 48. Nd2 Nc5 49. Nc4 b3 50. Ne5+ Kg7 51. Kd2 Ne6 52. Nd3 Nd4 53. Kc3 Nf3 54.
Kxb3 Nxh4 55. Kc4 Kf7 56. Kd5 Nf3 57. Kc5 Ke6 58. Nb4 Nd2 59. Nd3 Ne4+ 60. Kd4
Kf7 61. Ne5+ Kg7 62. Ke3 Nd6 63. Nf3 Nc4+ 64. Kf2 Nb6 65. Ke3 Nd5+ 66. Kd4 Nxf4
67. Ke5 Nh5 68. Nd4 Ng3 69. Nf3 Ne4 70. Nd4 Ng3 71. Nf3 Nf1 72. Nd4 Ne3 73. Kf4
Nd5+ 74. Ke5 Ne7 75. Ke6 Nc8 76. Nxf5+ gxf5 77. Kxf5 Nd6+ 78. Ke6 Kg6 79. Kd5
Kxg5 1/2-1/2

[Event "Titled Tue 27th May Late"]
[Site "chess.com INT"]
[Date "2025.05.27"]
[Round "6"]
[White "Barrientos, Ernesto"]
[Black "Arya G Mallar"]
[Result "1-0"]
[WhiteTitle "CM"]
[BlackTitle "WCM"]
[WhiteElo "2027"]
[BlackElo "2014"]
[WhiteFideId "3701247"]
[BlackFideId "25115324"]
[EventDate "2025.05.27"]

1. e4 c5 2. Nf3 d6 3. d4 cxd4 4. Nxd4 Nf6 5. Nc3 g6 6. Be3 Bg7 7. f3 O-O 8. Qd2
Nc6 9. Bc4 Nxd4 10. Bxd4 Be6 11. Bb3 Qa5 12. O-O-O b5 13. Kb1 b4 14. Nd5 Bxd5
15. exd5 Qb5 16. Qd3 Qxd3 17. Rxd3 Rfc8 18. Re1 Rc7 19. g4 g5 20. h4 h6 21. hxg5
hxg5 22. Be3 a5 23. Ba4 Nh7 24. Bc6 Ra6 25. Rd2 a4 26. Rh1 a3 27. Rdh2 Nf8 28.
b3 f6 29. Bd2 Rb6 30. c3 bxc3 31. Bxc3 Ng6 32. Ba5 Rbxc6 33. dxc6 Rxc6 34. Rc2
Ra6 35. Rc8+ Kf7 36. Bb4 Nf4 37. Rd1 Ne6 38. Rb8 Nf4 39. Rb7 Kf8 40. Rb5 Ne2 41.
Ra5 Rc6 42. Rxa3 f5 43. Ra8+ Kf7 44. gxf5 Nd4 45. Rc1 Rb6 46. Bc3 Ne2 47. Bxg7
Nxc1 48. Bd4 Rb4 49. Bc3 Rf4 50. Kxc1 Rxf3 51. Kb2 Rxf5 52. a4 g4 53. Rh8 g3 54.
Rh1 Rf2+ 55. Ka3 g2 56. Rg1 Rc2 57. Kb4 e5 58. a5 e4 59. Bd4 d5 60. a6 Ra2 61.
a7 Ke6 62. Kb5 Kd7 63. Rxg2 Rxg2 64. a8=Q Rg6 65. Qxd5+ Ke7 66. Qxe4+ Kf7 67.
Qxg6+ Kxg6 68. Kc6 Kf5 69. b4 Ke4 70. b5 Kxd4 71. b6 Ke5 72. b7 Ke4 73. b8=Q Kd4
74. Qd8+ Ke5 75. Qd5+ Kf4 76. Kc5 Ke3 77. Qd4+ Ke2 78. Kc4 Kf3 79. Qe5 Kf2 80.
Qe4 Kf1 81. Qc2 Ke1 82. Kd3 Kf1 83. Ke3 Kg1 84. Kf3 Kh1 85. Qg2# 1-0

[Event "Titled Tue 27th May Late"]
[Site "chess.com INT"]
[Date "2025.05.27"]
[Round "6"]
[White "Makarian, Rudik"]
[Black "Shubenkova, Veronika"]
[Result "1-0"]
[WhiteTitle "IM"]
[BlackTitle "WFM"]
[WhiteElo "2532"]
[BlackElo "2024"]
[WhiteFideId "44105681"]
[BlackFideId "44124040"]
[EventDate "2025.05.27"]

1. d4 d5 2. c4 e6 3. Nf3 f5 4. g3 Nf6 5. Bg2 c6 6. O-O Bd6 7. Bf4 O-O 8. Bxd6
Qxd6 9. Nc3 Nbd7 10. e3 Ne4 11. Qc2 b6 12. Rfc1 a5 13. Ne2 Bb7 14. Nf4 Rac8 15.
b3 Rfd8 16. Qb2 b5 17. c5 Qe7 18. Nd3 Nef6 19. b4 a4 20. a3 Rf8 21. Rc2 Ng4 22.
Re1 Rce8 23. Nfe5 Ngxe5 24. dxe5 Rd8 25. h4 Rfe8 26. Qd4 g6 27. Nf4 Qg7 28. Nd3
Nf8 29. Kf1 Kf7 30. Ke2 Ke7 31. Rh1 Kd7 32. Kd1 Kc7 33. Kc1 h6 34. Kb2 Kb8 35.
f4 h5 36. Ne1 Qe7 37. Nf3 Nh7 38. Qd3 Qd7 39. Nd4 Rc8 40. Bf3 Nf8 41. Qf1 Ba6
42. Be2 Qb7 43. Bd3 Re7 44. Rg1 Ka7 45. Rcg2 Nd7 46. Qd1 Nb8 47. Kc3 Qd7 48. Rb2
Qe8 49. Qe2 Rb7 50. Rgb1 Rcc7 51. Qd1 Rc8 52. Bc2 Rcc7 53. Kd2 Rc8 54. Ke1 Qd7
55. Kf2 Qe8 56. Kg2 Qd7 57. Kh3 Qe8 58. Bxa4 bxa4 59. Qxa4 Rb5 60. Qc2 Nd7 61.
a4 Rb7 62. Qc3 Qe7 63. Rc1 Bc4 64. b5 Nxc5 65. Qa5+ Kb8 66. Rcb1 cxb5 67. axb5
Rcc7 68. Nc6+ Rxc6 69. bxc6 1-0

[Event "Titled Tue 27th May Late"]
[Site "chess.com INT"]
[Date "2025.05.27"]
[Round "6"]
[White "Tari, Aryan"]
[Black "Eminov, Orkhan"]
[Result "1-0"]
[WhiteTitle "GM"]
[BlackTitle "FM"]
[WhiteElo "2636"]
[BlackElo "2239"]
[WhiteFideId "1510045"]
[BlackFideId "13402153"]
[EventDate "2025.05.27"]

1. b4 e5 2. Bb2 e4 3. a3 Nf6 4. d3 e3 5. fxe3 d5 6. Nf3 c5 7. bxc5 Bxc5 8. Bd4
Bxd4 9. exd4 O-O 10. Qd2 Nc6 11. Nc3 Re8 12. h3 Nh5 13. g4 Ng3 14. Rg1 Ne4 15.
dxe4 dxe4 16. O-O-O exf3 17. exf3 Qa5 18. Nb5 Qa4 19. Kb2 Rd8 20. d5 Be6 21. Nc3
Qa5 22. Bc4 Qb6+ 23. Bb3 Na5 24. Qd4 Qc7 25. Rge1 Rac8 26. Qb4 Bd7 27. d6 Qc5
28. Rd5 Qf2 29. Re2 Qxf3 30. Qxa5 b6 31. Qb4 a5 32. Qd4 Rxc3 33. Qxc3 Qxe2 34.
Re5 Qf2 35. Re7 Be8 36. Qe5 Kf8 37. d7 Bxd7 38. Rxf7+ Qxf7 39. Bxf7 Kxf7 40. Qc7
Ke7 41. Qxb6 a4 42. Qc5+ Ke6 43. Qe3+ Kf7 44. Qf4+ Ke7 45. Qe5+ Kf7 46. Qc7 Ke7
47. c4 Rc8 48. Qe5+ Kf7 49. c5 Be6 50. Qf4+ Ke7 51. Qxa4 Rxc5 52. Qd4 Rb5+ 53.
Kc1 g6 54. Qg7+ Bf7 55. Qxh7 Rb3 56. a4 Ra3 57. Qh4+ Ke8 58. Qe1+ Kd7 59. Qd2+
Ke8 60. Qe2+ Kd7 61. Qb5+ Ke6 62. Qc4+ Kf6 63. Qd4+ Kg5 64. Qe5+ Kh6 65. Qh8+
Kg5 66. Qd8+ Kh6 67. Qh4+ Kg7 68. Qe7 Rxa4 69. Qe5+ Kg8 70. Kd2 Rc4 71. Ke3 Rc8
72. Kf4 Re8 73. Qd4 Rf8 74. Kg5 Kh7 75. h4 Be8 76. Qd6 Kg7 77. Qe5+ Kh7 78. Qe7+
Kg8 79. Kh6 Bf7 80. g5 Re8 81. Qf6 Kf8 82. Qd6+ Kg8 83. h5 gxh5 84. g6 Re6 85.
Qd8+ Be8 86. Qd5 1-0

[Event "Titled Tue 27th May Late"]
[Site "chess.com INT"]
[Date "2025.05.27"]
[Round "7"]
[White "Mizzi, Jack"]
[Black "Jing, Andrew"]
[Result "1-0"]
[WhiteTitle "CM"]
[BlackTitle "FM"]
[WhiteElo "2086"]
[BlackElo "2254"]
[WhiteFideId "5602521"]
[BlackFideId "30984076"]
[EventDate "2025.05.27"]

1. d4 Nf6 2. c4 e6 3. Nf3 d5 4. g3 c6 5. Nbd2 Nbd7 6. Bg2 Be7 7. O-O O-O 8. Qc2
a6 9. e4 b5 10. b3 Bb7 11. Rd1 bxc4 12. bxc4 dxe4 13. Nxe4 Nxe4 14. Qxe4 Nf6 15.
Qe2 c5 16. Bf4 cxd4 17. Nxd4 Qc7 18. Bxc7 1-0

[Event "Titled Tue 27th May Late"]
[Site "chess.com INT"]
[Date "2025.05.27"]
[Round "7"]
[White "Garcia Correa, Jose Ricardo"]
[Black "Wang, Daniel"]
[Result "1-0"]
[WhiteTitle "FM"]
[BlackTitle "CM"]
[WhiteElo "2103"]
[BlackElo "2030"]
[WhiteFideId "5101832"]
[BlackFideId "3238873"]
[EventDate "2025.05.27"]

1. e4 c5 2. Nf3 d6 3. d4 cxd4 4. Nxd4 Nf6 5. Nc3 a6 6. f4 e6 7. Qf3 Qc7 8. Be3
Be7 9. g4 h6 10. Bg2 Nbd7 11. O-O Rb8 12. a4 b6 13. Qh3 Bb7 14. g5 Ng8 15. g6 e5
16. gxf7+ Kxf7 17. Qe6+ Ke8 18. Qg6+ Kd8 19. Ne6+ Kc8 1-0

[Event "Titled Tue 27th May Late"]
[Site "chess.com INT"]
[Date "2025.05.27"]
[Round "7"]
[White "George, Kevin"]
[Black "Miranda Camus, Joaquin Ignacio"]
[Result "1-0"]
[WhiteTitle "IM"]
[BlackTitle "FM"]
[WhiteElo "2301"]
[BlackElo "2196"]
[WhiteFideId "10669515"]
[BlackFideId "3449300"]
[EventDate "2025.05.27"]

1. Nf3 d5 2. c4 d4 3. b4 g5 4. Bb2 c5 5. bxc5 Nc6 6. e3 e5 7. h3 Bxc5 8. Bd3 Nf6
9. exd4 exd4 10. Nxg5 Rg8 11. Nxh7 Rxg2 12. Qf3 Ne5 13. Nxf6+ Qxf6 14. Qxf6
Nxd3+ 15. Kf1 Rxf2+ 16. Qxf2 Nxf2 17. Kxf2 1-0

[Event "Titled Tue 27th May Late"]
[Site "chess.com INT"]
[Date "2025.05.27"]
[Round "7"]
[White "Aradhya, Garg"]
[Black "Carlsson, Ludvig"]
[Result "1-0"]
[WhiteTitle "IM"]
[BlackTitle "IM"]
[WhiteElo "2383"]
[BlackElo "2374"]
[WhiteFideId "25006746"]
[BlackFideId "1727010"]
[EventDate "2025.05.27"]

1. d4 Nf6 2. c4 e6 3. Nf3 d5 4. Nc3 c5 5. cxd5 cxd4 6. Qxd4 exd5 7. Bg5 Be7 8.
e3 O-O 9. Bb5 Nc6 10. Bxc6 bxc6 11. O-O h6 12. Bh4 Be6 13. Rfd1 Qb6 14. Rac1
Rfc8 15. Na4 Qa5 16. Nc5 Rab8 17. Nxe6 fxe6 18. Qe5 Kf8 19. Qxe6 1-0

[Event "Titled Tue 27th May Late"]
[Site "chess.com INT"]
[Date "2025.05.27"]
[Round "7"]
[White "Vykouk, Jan"]
[Black "Fascio Outerbridge, Arno Augusto"]
[Result "1-0"]
[WhiteTitle "IM"]
[BlackTitle "CM"]
[WhiteElo "2496"]
[BlackElo "2060"]
[WhiteFideId "349658"]
[BlackFideId "6610862"]
[EventDate "2025.05.27"]

1. Nf3 c5 2. g3 Nf6 3. Bg2 g6 4. O-O Bg7 5. d3 O-O 6. e4 d5 7. Nbd2 Nc6 8. c3 e5
9. Re1 d4 10. c4 Bg4 11. h3 Be6 12. Rf1 h6 13. Kh2 Nh5 14. Ng1 f5 15. exf5 Bxf5
16. g4 Nf4 17. gxf5 Rxf5 18. Be4 Rh5 19. Ndf3 Qd7 20. Bxf4 exf4 21. Bxg6 1-0

[Event "Titled Tue 27th May Late"]
[Site "chess.com INT"]
[Date "2025.05.27"]
[Round "7"]
[White "Kosakowski, Jakub"]
[Black "Denishev, Marat"]
[Result "1-0"]
[WhiteTitle "GM"]
[BlackTitle "FM"]
[WhiteElo "2530"]
[BlackElo "2111"]
[WhiteFideId "1185080"]
[BlackFideId "24131563"]
[EventDate "2025.05.27"]

1. e4 c5 2. Nf3 d6 3. Bb5+ Nd7 4. a4 g6 5. O-O Bg7 6. c3 Nf6 7. Re1 O-O 8. d4 a6
9. Bf1 cxd4 10. cxd4 d5 11. e5 Ne4 12. Nbd2 Nxd2 13. Bxd2 Nb8 14. h3 Nc6 15. Bd3
Be6 16. b4 Qb6 17. Bc3 Nxb4 18. a5 1-0

[Event "Titled Tue 27th May Late"]
[Site "chess.com INT"]
[Date "2025.05.27"]
[Round "7"]
[White "Hiwale, Ronak"]
[Black "Ozates, Tuna"]
[Result "0-1"]
[BlackTitle "FM"]
[WhiteElo "2105"]
[BlackElo "2217"]
[WhiteFideId "30975336"]
[BlackFideId "6354521"]
[EventDate "2025.05.27"]

1. Nf3 d5 2. g3 Nd7 3. Bg2 e5 4. O-O Bd6 5. d3 Ngf6 6. e4 c6 7. Nc3 O-O 8. Re1
h6 9. exd5 cxd5 10. Bd2 Re8 11. Nh4 d4 12. Ne4 Nxe4 13. Bxe4 Nf6 14. Nf5 Nxe4
15. dxe4 Bxf5 16. exf5 e4 17. Qg4 e3 18. fxe3 dxe3 19. Bc3 Be5 20. Rxe3 Qb6 21.
Bd2 Bd4 22. Kg2 Bxe3 23. Bc3 Bg5 0-1

[Event "Titled Tue 27th May Late"]
[Site "chess.com INT"]
[Date "2025.05.27"]
[Round "7"]
[White "Papadopoulos, Georgios3"]
[Black "Jagirapu, Harshin Reddy"]
[Result "1-0"]
[WhiteTitle "FM"]
[WhiteElo "2363"]
[BlackElo "2042"]
[WhiteFideId "4210271"]
[BlackFideId "39910679"]
[EventDate "2025.05.27"]

1. e4 Nf6 2. e5 Ne4 3. d3 Nc5 4. d4 Nca6 5. Nf3 g6 6. Bc4 Bg7 7. O-O d5 8. exd6
cxd6 9. Nc3 O-O 10. Bg5 Nc7 11. Re1 Bf6 12. Bxf6 exf6 13. h3 d5 14. Bd3 Nc6 15.
a3 a6 16. Ne2 Ne6 17. c3 b6 18. Qd2 Kg7 19. Ng3 Bb7 20. a4 Qd6 21. Nh4 Qf4 22.
Nhf5+ gxf5 23. Nh5+ 1-0

[Event "Titled Tue 27th May Late"]
[Site "chess.com INT"]
[Date "2025.05.27"]
[Round "7"]
[White "Butti, Enrique"]
[Black "Gelman, Alexander"]
[Result "0-1"]
[WhiteTitle "CM"]
[BlackTitle "IM"]
[WhiteElo "1998"]
[BlackElo "2403"]
[WhiteFideId "3700470"]
[BlackFideId "4118316"]
[EventDate "2025.05.27"]

1. d4 Nf6 2. Nf3 c5 3. e3 d6 4. c4 e6 5. Nc3 Nbd7 6. Bd3 a6 7. O-O b6 8. b3 Bb7
9. Bb2 Be7 10. Qe2 Qc7 11. Rad1 Rg8 12. d5 g5 13. e4 g4 14. Ne1 O-O-O 15. f4
gxf3 16. Nxf3 Kb8 17. Bc1 Ng4 18. Bf4 Bf6 19. Bb1 Bxc3 20. dxe6 Nde5 21. exf7
Nxf7 0-1

[Event "Titled Tue 27th May Late"]
[Site "chess.com INT"]
[Date "2025.05.27"]
[Round "7"]
[White "Kalyani Sirin"]
[Black "Modric, Nesa"]
[Result "1-0"]
[WhiteTitle "WFM"]
[BlackTitle "CM"]
[WhiteElo "2136"]
[BlackElo "2088"]
[WhiteFideId "33323500"]
[BlackFideId "922579"]
[EventDate "2025.05.27"]

1. e4 c6 2. d4 d5 3. e5 Bf5 4. h4 h5 5. Bd3 Bxd3 6. Qxd3 e6 7. Nf3 Ne7 8. O-O
Nf5 9. Bg5 Be7 10. Bxe7 Qxe7 11. g3 Nd7 12. Nbd2 a6 13. a4 c5 14. c4 dxc4 15.
Nxc4 O-O 16. d5 exd5 17. Qxd5 Qe6 18. Qxe6 fxe6 19. a5 Nh6 20. Ng5 Ng4 21. Nxe6
Rf5 22. f4 Rc8 23. Nd6 Rc6 24. Nxf5 g6 25. Ne7+ Kf7 26. Nxc6 Kxe6 27. Nd8+ Kf5
28. Nxb7 1-0

[Event "Titled Tue 27th May Late"]
[Site "chess.com INT"]
[Date "2025.05.27"]
[Round "7"]
[White "Amarasinghe, A A C B"]
[Black "Brooks, Paul"]
[Result "0-1"]
[WhiteTitle "CM"]
[BlackTitle "CM"]
[WhiteElo "1949"]
[BlackElo "1908"]
[WhiteFideId "9901809"]
[BlackFideId "7400616"]
[EventDate "2025.05.27"]

1. d4 Nf6 2. c4 e5 3. dxe5 Ng4 4. Nf3 Bc5 5. e3 Nc6 6. Nc3 Ngxe5 7. Nxe5 Nxe5 8.
Be2 O-O 9. O-O d6 10. b3 Bf5 11. Bb2 Re8 12. h3 Re6 13. e4 Bxh3 14. gxh3 Qh4 15.
Kh2 Rh6 16. Bg4 Nxg4+ 17. Qxg4 Qxg4 0-1

[Event "Titled Tue 27th May Late"]
[Site "chess.com INT"]
[Date "2025.05.27"]
[Round "7"]
[White "Rosen, Eric"]
[Black "Romero Ruscalleda, Josep"]
[Result "1-0"]
[WhiteTitle "IM"]
[BlackTitle "FM"]
[WhiteElo "2377"]
[BlackElo "2110"]
[WhiteFideId "2032562"]
[BlackFideId "2231859"]
[EventDate "2025.05.27"]

1. d4 g6 2. e4 Bg7 3. Nc3 d6 4. Be3 a6 5. g4 b5 6. Bg2 Bb7 7. h4 h5 8. gxh5 Rxh5
9. Bf3 Rh8 10. e5 Qc8 11. h5 dxe5 12. dxe5 Bxe5 13. hxg6 Rxh1 14. gxf7+ Kxf7 15.
Bxh1 Bxh1 16. Qh5+ Kf8 17. Qxh1 Bxc3+ 18. bxc3 c6 19. O-O-O Nd7 20. Bh6+ Kf7 21.
Qh5+ Kf6 22. Qg5+ Kf7 23. Qg7+ Ke6 24. Re1+ Kd6 25. Bf4+ e5 26. Bxe5+ Nxe5 27.
Qxe5+ Kd7 28. Rd1# 1-0

[Event "Titled Tue 27th May Late"]
[Site "chess.com INT"]
[Date "2025.05.27"]
[Round "7"]
[White "Duarte Cramer, Lily Jeanette"]
[Black "Fernandes, Rogerio Paulo Muller"]
[Result "0-1"]
[WhiteTitle "WCM"]
[WhiteElo "1828"]
[BlackElo "2241"]
[WhiteFideId "29620180"]
[BlackFideId "2101599"]
[EventDate "2025.05.27"]

1. e4 e6 2. d4 d5 3. e5 c5 4. c3 Nc6 5. Be3 cxd4 6. Bxd4 Qc7 7. Nf3 Nh6 8. Bd3
Nf5 9. Bxf5 exf5 10. Nbd2 Bd7 11. Qb3 O-O-O 12. a3 Be6 13. Rc1 Be7 14. Rc2 Kb8
15. Kd1 Na5 16. Qa4 Bd7 17. Bxa7+ Kxa7 18. Qd4+ Kb8 19. Qxd5 Ba4 20. Qxf7 Bxc2+
21. Kxc2 Nc6 22. Qxg7 Rhg8 23. Qxh7 Rxg2 24. Qxf5 Rxf2 25. h4 Rdxd2+ 26. Kb3
Rxb2+ 27. Ka4 Qa5# 0-1

[Event "Titled Tue 27th May Late"]
[Site "chess.com INT"]
[Date "2025.05.27"]
[Round "7"]
[White "Korkmaz, Necmettin"]
[Black "Gustafsson, Jan"]
[Result "0-1"]
[WhiteTitle "CM"]
[BlackTitle "GM"]
[WhiteElo "2059"]
[BlackElo "2591"]
[WhiteFideId "6303285"]
[BlackFideId "4625498"]
[EventDate "2025.05.27"]

1. e4 e5 2. Nf3 Nc6 3. Bc4 Nf6 4. d4 exd4 5. O-O Nxe4 6. Re1 d5 7. Bxd5 Qxd5 8.
Nc3 Qd7 9. Nxe4 Be7 10. Bg5 O-O 11. Bxe7 Qxe7 12. Nxd4 Bd7 13. Nc3 Qb4 14. Nb3
Rad8 15. Nd5 Qd6 16. Ne3 Qg6 17. Qf3 Be6 18. Nc5 Bc8 19. Nd5 Qd6 20. Ne4 Qxd5
21. Qg3 Qe5 22. Qxe5 Nxe5 23. b3 Rfe8 24. h3 f6 25. f4 Nc6 26. c3 Kf7 27. g4 h5
28. f5 hxg4 29. hxg4 Ne5 0-1

[Event "Titled Tue 27th May Late"]
[Site "chess.com INT"]
[Date "2025.05.27"]
[Round "7"]
[White "Hernandez Leon, Sergio"]
[Black "Alizadeh, Mohammad Mahdi"]
[Result "0-1"]
[WhiteTitle "CM"]
[BlackTitle "CM"]
[WhiteElo "2106"]
[BlackElo "2015"]
[WhiteFideId "2285622"]
[BlackFideId "22598820"]
[EventDate "2025.05.27"]

1. e4 e5 2. Ne2 Nf6 3. f4 d5 4. fxe5 Nxe4 5. Nbc3 Nc6 6. d4 Bb4 7. a3 Bxc3+ 8.
bxc3 O-O 9. Ng3 Qh4 10. Qd3 f6 11. exf6 Rxf6 12. Be2 Nf2 13. Qb5 Nxh1 14. Qxd5+
Be6 15. Qxe6+ Rxe6 16. Bg5 Qxg5 17. Ne4 Rxe4 18. Kd1 Qxg2 19. Kc1 Rxe2 20. Kb2
Rxc2+ 21. Kb3 Rb2+ 22. Kc4 Na5+ 23. Kd3 Qf3# 0-1

[Event "Titled Tue 27th May Late"]
[Site "chess.com INT"]
[Date "2025.05.27"]
[Round "7"]
[White "Yushko, Olga"]
[Black "Silva, Pedro Gil Ferreira Da"]
[Result "0-1"]
[WhiteTitle "WFM"]
[BlackTitle "FM"]
[WhiteElo "2036"]
[BlackElo "2262"]
[WhiteFideId "14114500"]
[BlackFideId "1946102"]
[EventDate "2025.05.27"]

1. d4 Nf6 2. c4 e6 3. Nc3 Bb4 4. f3 O-O 5. e4 c5 6. d5 exd5 7. cxd5 Re8 8. Be2
d6 9. Qc2 a6 10. Bg5 Nbd7 11. Nh3 h6 12. Bh4 b5 13. O-O Qb6 14. Nf2 c4 15. Kh1
Bc5 16. b3 cxb3 17. axb3 Bb7 18. Nd3 Bd4 19. Rac1 Rec8 20. Qd2 Be3 21. Qb2 Bxc1
22. Nxc1 Qd4 23. N1a2 b4 24. Na4 Qxb2 25. Nxb2 Rc2 26. Bd3 Rxb2 27. Nxb4 Rxb3 0-1

[Event "Titled Tue 27th May Late"]
[Site "chess.com INT"]
[Date "2025.05.27"]
[Round "7"]
[White "Bulgurlu, Okan"]
[Black "Winkels, Marcel"]
[Result "1-0"]
[WhiteTitle "CM"]
[BlackTitle "CM"]
[WhiteElo "1964"]
[BlackElo "1918"]
[WhiteFideId "6352316"]
[BlackFideId "1003887"]
[EventDate "2025.05.27"]

1. d4 Nf6 2. g3 c5 3. d5 e6 4. Bg2 exd5 5. Bxd5 Nxd5 6. Qxd5 Be7 7. Nf3 O-O 8.
O-O d6 9. Rd1 Be6 10. Qxb7 Nd7 11. Nc3 a6 12. Nd5 Bxd5 13. Qxd5 Nf6 14. Qd3 Rb8
15. Qxa6 Rb4 16. c3 Rb6 17. Qd3 Qb8 18. a4 d5 19. a5 Rb5 20. Bf4 Qa7 21. Qxb5 1-0

[Event "Titled Tue 27th May Late"]
[Site "chess.com INT"]
[Date "2025.05.27"]
[Round "7"]
[White "Xiong, Jeffery"]
[Black "Wagner, Dennis"]
[Result "1-0"]
[WhiteTitle "GM"]
[BlackTitle "GM"]
[WhiteElo "2636"]
[BlackElo "2616"]
[WhiteFideId "2047640"]
[BlackFideId "24650684"]
[EventDate "2025.05.27"]

1. c4 Nf6 2. Nc3 e5 3. Nf3 Nc6 4. g3 d5 5. cxd5 Nxd5 6. Bg2 Bc5 7. O-O O-O 8. d3
h6 9. Nxd5 Qxd5 10. Bd2 Rd8 11. Bc3 Qd6 12. Nd2 Be6 13. Rc1 Bxa2 14. b3 Nb4 15.
Ne4 Qb6 16. Nxc5 Qxc5 17. Qd2 Nxd3 18. exd3 Bxb3 19. Qb2 Qb5 20. Rb1 Rxd3 21.
Qxb3 Qxb3 22. Rxb3 a5 23. Be4 a4 24. Bxd3 axb3 25. Rb1 Ra3 26. Bxe5 c5 27. Bc4
Ra4 28. Bxb3 Rb4 29. Bc3 Re4 30. Bd5 1-0

[Event "Titled Tue 27th May Late"]
[Site "chess.com INT"]
[Date "2025.05.27"]
[Round "7"]
[White "Kilic, Eray"]
[Black "Leiva, Gianmarco"]
[Result "1-0"]
[WhiteTitle "IM"]
[BlackTitle "IM"]
[WhiteElo "2469"]
[BlackElo "2387"]
[WhiteFideId "44517173"]
[BlackFideId "3804399"]
[EventDate "2025.05.27"]

1. e4 c5 2. c3 Nf6 3. e5 Nd5 4. d4 cxd4 5. Nf3 Nc6 6. Bc4 Nb6 7. Bb3 d6 8. exd6
Qxd6 9. O-O Be6 10. Na3 Bxb3 11. axb3 a6 12. cxd4 Nd5 13. Nc4 Qc7 14. Nfe5 e6
15. Qg4 g6 16. Bf4 Nxf4 17. Qxf4 Bg7 18. Nd6+ Kf8 19. Ndxf7 Bxe5 20. Nxe5+ Kg7
21. Rac1 Rhf8 22. Qg3 Rac8 23. Rfe1 Rfe8 24. h4 Qd6 25. h5 Nxd4 26. hxg6 Ne2+
27. Rxe2 Rxc1+ 28. Kh2 h6 29. Qf4 Rf8 30. Qxc1 1-0

[Event "Titled Tue 27th May Late"]
[Site "chess.com INT"]
[Date "2025.05.27"]
[Round "7"]
[White "Vlassov, Nikolai"]
[Black "Sklokin, Sergey"]
[Result "1-0"]
[WhiteTitle "IM"]
[BlackTitle "FM"]
[WhiteElo "2291"]
[BlackElo "2311"]
[WhiteFideId "4103360"]
[BlackFideId "55730230"]
[EventDate "2025.05.27"]

1. e4 c5 2. c3 Nf6 3. e5 Nd5 4. d4 cxd4 5. cxd4 e6 6. Nc3 d6 7. f4 dxe5 8. fxe5
Bb4 9. Qd3 Nc6 10. Nf3 h6 11. Bd2 O-O 12. Be2 f5 13. exf6 Nxf6 14. O-O a6 15.
Rae1 b5 16. Bd1 Na5 17. Bc2 Bb7 18. Bxh6 Nc4 19. Ng5 Qe8 20. Rxf6 1-0

[Event "Titled Tue 27th May Late"]
[Site "chess.com INT"]
[Date "2025.05.27"]
[Round "7"]
[White "Piesik, Piotr"]
[Black "Makarian, Rudik"]
[Result "0-1"]
[WhiteTitle "IM"]
[BlackTitle "IM"]
[WhiteElo "2436"]
[BlackElo "2532"]
[WhiteFideId "1136194"]
[BlackFideId "44105681"]
[EventDate "2025.05.27"]

1. Nf3 Nf6 2. e3 e6 3. c4 d5 4. Nc3 dxc4 5. Bxc4 a6 6. a4 c5 7. O-O Be7 8. d4
Nc6 9. Qe2 cxd4 10. Rd1 e5 11. exd4 exd4 12. Nxd4 Nxd4 13. Qe5 Qd6 14. Qxd6 Bxd6
15. Rxd4 Bc5 16. Rd3 Be6 17. Bxe6 fxe6 18. Be3 Be7 19. Re1 Kf7 20. f3 Rac8 21.
Red1 Rc4 22. b3 Rc6 23. Kf1 Rhc8 24. Bd4 h5 25. h3 h4 26. Bxf6 gxf6 27. Ne2 f5
28. Rd7 R8c7 29. Rxc7 Rxc7 30. Rc1 Rd7 31. Kf2 e5 32. Rc2 Ke6 33. f4 e4 34. Rc3
Bb4 35. Rc4 a5 36. Nd4+ Rxd4 37. Rxd4 Bc5 38. Ke3 b6 0-1

[Event "Titled Tue 27th May Late"]
[Site "chess.com INT"]
[Date "2025.05.27"]
[Round "7"]
[White "Khodabandeh, Milad"]
[Black "Nayak, Rajesh"]
[Result "0-1"]
[WhiteTitle "CM"]
[BlackTitle "FM"]
[WhiteElo "1957"]
[BlackElo "2286"]
[WhiteFideId "12538620"]
[BlackFideId "35017152"]
[EventDate "2025.05.27"]

1. e4 c6 2. d4 g6 3. c4 Bg7 4. Nc3 Nf6 5. e5 Ng8 6. f4 d6 7. Nf3 Bg4 8. Be3 Nh6
9. h3 Nf5 10. Bf2 Bxf3 11. Qxf3 h5 12. g4 hxg4 13. hxg4 Rxh1 14. Qxh1 Nh6 15.
Be2 Na6 16. e6 fxe6 17. Bd3 Kf7 18. Qh4 Nb4 19. Bb1 Qa5 20. c5 Nd5 21. Kd2 dxc5
22. Qg5 cxd4 23. Bxg6+ Kf8 24. Bxd4 Bxd4 25. Qxh6+ Bg7 26. Qh5 Bxc3+ 27. bxc3
Qxc3+ 28. Ke2 Nxf4+ 0-1